Представление документа в формате RUSMARC

ПолеНазваниеЗначение
  Тип записи a
  Библиографический уровень a
001 Контрольный номер 31227e82ef8b4ad4849cfd65da3d3641
005 Дата корректировки 20241017125400.9
100 Данные общей обработки __
a Данные общей обработки 20241017 ||| 0rusy0189 ca
101 Язык документа 0_
a Язык текста rus
102 Страна публикации __
a Страна публикации RU
200 Заглавие и сведения об ответственности 1_
a Заглавие Из Грязи в князи
e Сведения, относящиеся к заглавию [архитектура Царицынского ансамбля в парке с. Царицыно]
f Первые сведения об ответственности А. Трушкин
461 Уровень набора _0
1 2000
a Маруся
463 Уровень физической единицы _0
1 2000
a № 10 (378)
v С. 30-33 : фот.
1 2101
d 2024
1 001321039705e594ae19ccb344d7e2fcfcb
600 Персоналии _1
a Персоналии (Фамилия) Екатерина II (императрица)
600 Персоналии _1
a Персоналии (Фамилия) Дмитрий Кантемир
600 Персоналии _1
a Персоналии (Фамилия) Баженов
g Полное имя Василий Иванович
600 Персоналии _1
a Персоналии (Фамилия) Казаков
g Полное имя Матвей Фёдорович
606 Тематические рубрики 0_
a Основная рубрика Архитектура России. Жизнь и деятельность архитекторов
y Географическая подрубрика Царицыно (Чёрная грязь), усадьба, Москва
610 Ключевые слова 0_
a Ключевые слова Царицыно (село), русская архитектура, архитектура 18 века, Черная Грязь (село), Царицынский ансамбль, Фигурные (Виноградные) ворота, Готический (Большой) мост, Фигурный мост, Башня-руина, Миловида (павильон), Средний Царицынский пруд, Живоносный источник (храм), история русской архитектуры, русская готика, ласточкин хвост (архитектура), готическая архитектура, готический стиль
686 Индексы других классификаций __
a Классификационный индекс 85.113(2)
700 Автор _1
a Фамилия Трушкин
b Имя (инициалы) А.
g Полное личное имя Андрей
801 Источник записи _0
a Страна RU
b Организация УОБДЮ
c Дата составления 20241017
g Правила каталогизации RCR
801 Источник записи _1
a Страна RU
b Организация УОБДЮ
c Дата составления 20241017
g Правила каталогизации RCR
901 Тип документа __
t Тип документа b
w Контрольный № источника 321039705e594ae19ccb344d7e2fcfcb
905 Данные по созданию БЗ __
b Логин пользователя, который создал БЗ ibo10